Structural changes in the Czech, Slovak and Euro area economies during the great recession

Identifikácia a porovnanie štrukturálnych zmien Českej republiky, ako malej otvorenej ekonomiky s monetárnou politikou slovenskej ekonomiky,počas turbulentnej veľkej recesie a následne aj s krajinami Eurozóny.

Gespeichert in:
Bibliographische Detailangaben
1. Verfasser: Tvrz, Stanislav
Weitere Verfasser: Vašíček, Osvald
Format: Buchkapitel
Sprache:Englisch
Schlagworte:
Tags: Tag hinzufügen
Keine Tags, Fügen Sie das erste Tag hinzu!

MARC

LEADER 00000naa a2200000 4500
001 0227070
005 20221019173044.2
041 0 |a eng 
044 |a CZ 
245 1 0 |a Structural changes in the Czech, Slovak and Euro area economies during the great recession  |c Stanislav Tvrz, Osvald Vašíček 
520 |a Identifikácia a porovnanie štrukturálnych zmien Českej republiky, ako malej otvorenej ekonomiky s monetárnou politikou slovenskej ekonomiky,počas turbulentnej veľkej recesie a následne aj s krajinami Eurozóny. 
610 2 0 |a Slovensko 
610 2 0 |a Česko 
610 2 0 |a eurozóna 
610 2 0 |a Európska menová únia 
610 2 0 |a modely DSGE 
610 2 0 |a zmeny štruktúrne 
100 1 |a Tvrz, Stanislav 
700 1 |a Vašíček, Osvald